| 000 | 00542ntaaa2200181 4500 | ||
|---|---|---|---|
| 003 | 01 | ||
| 005 | 20251027201856.0 | ||
| 008 | 0714s1973 ag 01 | ||
| 040 |
_aAR-BaBN _bspa _cAR-BaBN _eaacr _dRIC |
||
| 082 | _a230.1000 M21 | ||
| 100 |
_aMackintosh, Hugh Ross _914468 |
||
| 245 | _aTypes of modern theology; Schleiermacher to Barth. | ||
| 250 |
_a1 ed. : _bNisbet, _cc1937 |
||
| 300 | _a333 p. | ||
| 500 | _a"Includes: Scleiermacher, Hegel, Ritschl, Troeltsch, Kierkegaard and Barth" | ||
| 650 |
_aTeología Histórica _92083 |
||
| 942 | _cBK | ||
| 999 |
_c13427 _d13427 |
||